[Event "5th Kolkata Open"]
[Site "Kolkata IND"]
[Date "2012.12.03"]
[Round "1"]
[White "Das,Arg"]
[Black "Kulkarni,R"]
[Result "1/2-1/2"]
[WhiteTitle "IM"]
[WhiteElo "2476"]
[BlackElo "2290"]
[WhiteFideId "5003610"]
[BlackFideId "5037077"]
[EventDate "2012.12.03"]

1. e4 c5 2. Nf3 e6 3. d4 cxd4 4. Nxd4 a6 5. Be2 Nf6 6. Nc3 Qc7 7. O-O Be7 8. f4
d6 9. a4 O-O 10. Be3 Nc6 11. Kh1 Bd7 12. Nb3 b6 13. Bf3 Rab8 14. g4 Rfd8 15. g5
Ne8 16. Bg2 Bc8 17. Qe2 g6 18. Nc1 Bf8 19. Nd3 b5 20. axb5 axb5 21. Nf2 b4 22.
Nb5 Qb7 23. Na7 Bd7 24. Ng4 Ra8 25. e5 d5 26. Qf2 Ne7 27. Bc5 Nf5 28. Bxf8 Kxf8
29. Rfc1 Qc7 30. c3 d4 31. Bxa8 Rxa8 32. cxd4 Rxa7 33. Rxc7 Rxa1+ 34. Kg2 Nxc7
35. Qc2 Nd5 36. Qc5+ Kg7 37. Nf6 Nxf4+ 38. Kf3 Bc6+ 39. Kxf4 Rf1+ 40. Kg4 Ne3+
41. Kh4 Rf4+ 42. Kg3 Rf3+ 43. Kh4 Nf5+ 44. Kg4 h5+ 45. gxh6+ Nxh6+ 46. Kh4 Rf4+
47. Kg3 Rf3+ 48. Kh4 Rf4+ 49. Kg3 Rf3+ 1/2-1/2

[Event "5th Kolkata Open"]
[Site "Kolkata IND"]
[Date "2012.12.03"]
[Round "1"]
[White "Kathmale,S"]
[Black "Vishnu,P"]
[Result "0-1"]
[BlackTitle "IM"]
[WhiteElo "2281"]
[BlackElo "2469"]
[WhiteFideId "5024498"]
[BlackFideId "5030692"]
[EventDate "2012.12.03"]

1. e4 e5 2. Nf3 Nc6 3. Bb5 a6 4. Ba4 Nf6 5. Qe2 Be7 6. c3 b5 7. Bb3 O-O 8. d4 d6
9. h3 Bb7 10. Nbd2 Re8 11. d5 Nb8 12. Nf1 Nbd7 13. g4 c6 14. dxc6 Bxc6 15. Ng3
d5 16. exd5 Nxd5 17. Nf5 Nc5 18. Bc2 Bf6 19. O-O Nf4 20. Bxf4 exf4 21. Qd1 Qc7
22. Re1 Rxe1+ 23. Nxe1 Rd8 24. Qe2 g6 25. Nd4 Bxd4 26. cxd4 Ne6 27. Qe5 Rxd4 28.
Qxc7 Nxc7 29. Rd1 Ne6 30. f3 Kg7 31. Kf2 Kf6 32. Rxd4 Nxd4 33. Bd1 Bd5 34. b3 g5
35. Nd3 Ke7 36. h4 h6 37. hxg5 hxg5 38. b4 Bxa2 39. Nc5 Kd6 40. Nxa6 Kd5 41. Nc5
Kc4 42. Ne4 Ne6 43. Nd6+ Kxb4 44. Nxf7 Kc3 45. Nd6 Bc4 46. Ne4+ Kb2 47. Ke1 b4
48. Kd2 Bd5 49. Nf2 Nd4 50. Nd3+ Ka3 51. Ne1 b3 52. Kc1 b2+ 0-1

[Event "5th Kolkata Open"]
[Site "Kolkata IND"]
[Date "2012.12.03"]
[Round "1"]
[White "Debashis,D"]
[Black "Abhishek,K"]
[Result "1/2-1/2"]
[WhiteTitle "IM"]
[WhiteElo "2464"]
[BlackElo "2277"]
[WhiteFideId "5024854"]
[BlackFideId "5019257"]
[EventDate "2012.12.03"]

1. d4 Nf6 2. c4 g6 3. Nf3 Bg7 4. g3 O-O 5. Bg2 d6 6. O-O c6 7. Nc3 Qa5 8. e4 e5
9. d5 cxd5 10. cxd5 b5 11. Nd2 b4 12. Nb3 Qd8 13. Ne2 Nbd7 14. a3 Rb8 15. axb4
Rxb4 16. Nc3 Qc7 17. Be3 Nb6 18. Na2 Ra4 19. Nd2 Bd7 20. b3 Ra5 21. h3 Qc8 22.
Bxb6 axb6 23. Nc4 Ra6 24. Nb4 Rxa1 25. Qxa1 Bxh3 26. Nc6 Qg4 27. Nxd6 Bxg2 28.
Kxg2 Nxe4 29. Qa4 f5 30. Ne7+ Kh8 31. Rh1 Nxd6 32. Qxg4 fxg4 33. Nxg6+ Kg8 34.
Nxf8 Bxf8 35. Rh4 Nf5 36. Rxg4+ Kf7 37. Rc4 Nd4 38. Rc7+ Kg8 39. Rb7 b5 40. Kh3
b4 41. Kg4 Nxb3 42. Kf5 Na5 43. Rb5 Nc4 44. Ke6 Kg7 45. Rb7+ Kg6 46. d6 Nxd6 47.
Rxb4 Nf7 48. Rg4+ Ng5+ 49. Kxe5 h5 50. Ra4 Bg7+ 51. Kd5 Kf5 52. Rh4 Kg6 53. Rh1
Nh7 1/2-1/2

[Event "5th Kolkata Open"]
[Site "Kolkata IND"]
[Date "2012.12.04"]
[Round "2"]
[White "Wojtaszek,R"]
[Black "Shyam,SM"]
[Result "1-0"]
[WhiteTitle "GM"]
[BlackTitle "IM"]
[WhiteElo "2734"]
[BlackElo "2484"]
[WhiteFideId "1118358"]
[BlackFideId "5019141"]
[EventDate "2012.12.03"]

1. d4 d5 2. c4 e6 3. Nc3 Be7 4. Bf4 Nf6 5. e3 O-O 6. a3 Nbd7 7. Nb5 Ne8 8. Nf3
c6 9. Nc3 f5 10. h3 Nd6 11. cxd5 exd5 12. Bd3 Nf6 13. Ne5 Nfe4 14. O-O Nf7 15.
Ne2 Nxe5 16. dxe5 Nc5 17. Bc2 Qb6 18. Rb1 Ne6 19. Bh2 a5 20. Kh1 g6 21. Qd2 Rd8
22. f3 Bg5 23. Bg1 Qc7 24. Rbd1 Bh6 25. Qc3 Bg7 26. Bh2 c5 27. g4 fxg4 28. hxg4
b5 29. b4 axb4 30. axb4 Ra2 31. bxc5 b4 32. Qb3 Qa5 33. Nd4 Ra3 34. Qb1 Qxc5 35.
Bb3 Nxd4 36. Rxd4 Be6 37. Rfd1 Rda8 38. Kg2 Bf7 39. Bf4 Bf8 40. Kg3 Qe7 41. g5
Ra1 42. Qxa1 Rxa1 43. Rxa1 h6 44. gxh6 g5 45. Bxg5 Qxe5+ 46. Bf4 Qf5 47. Rg1 Kh8
48. Rd2 Bd6 49. Bxd6 Qg6+ 50. Kf2 Qxd6 51. Rd4 Qe5 52. Rg7 Qh2+ 53. Rg2 Qe5 54.
Bc2 Qc7 55. Bf5 Qe5 56. Bd3 b3 57. h7 Be6 58. Rf4 Qb2+ 59. Kg1 Qc1+ 60. Kh2 Qc7
61. Rg3 Qc8 62. Rfg4 Bxg4 63. Rxg4 Qc7+ 64. f4 1-0

[Event "5th Kolkata Open"]
[Site "Kolkata IND"]
[Date "2012.12.04"]
[Round "2"]
[White "Fominyh,A"]
[Black "Gupta,Ab"]
[Result "1/2-1/2"]
[WhiteTitle "GM"]
[BlackTitle "GM"]
[WhiteElo "2455"]
[BlackElo "2662"]
[WhiteFideId "4100590"]
[BlackFideId "5010608"]
[EventDate "2012.12.03"]

1. d4 Nf6 2. Nf3 e6 3. c4 d5 4. g3 dxc4 5. Qa4+ c6 6. Qxc4 b5 7. Qc2 Bb7 8. Bg2
Nbd7 9. a4 a6 10. Nfd2 Qb6 11. O-O c5 12. Bxb7 Qxb7 13. dxc5 Bxc5 14. axb5 Qxb5
15. Nc3 Qc6 16. Qa4 Qxa4 17. Rxa4 Nb6 18. Ra2 Bb4 19. Na4 Nfd7 20. Nxb6 Nxb6 21.
Nb3 Ke7 22. Be3 Nc4 23. Bc5+ Bxc5 24. Nxc5 Rhb8 25. Rc1 Rxb2 26. Rxa6 Rxa6 27.
Nxa6 Nb6 28. Kf1 Nd7 29. Nc5 Nxc5 30. Rxc5 1/2-1/2

[Event "5th Kolkata Open"]
[Site "Kolkata IND"]
[Date "2012.12.04"]
[Round "2"]
[White "Lintchevski,D"]
[Black "Stany,G"]
[Result "0-1"]
[WhiteTitle "GM"]
[BlackTitle "IM"]
[WhiteElo "2553"]
[BlackElo "2437"]
[WhiteFideId "4171055"]
[BlackFideId "5029104"]
[EventDate "2012.12.03"]

1. e4 c5 2. Nf3 Nc6 3. d4 cxd4 4. Nxd4 Nf6 5. Nc3 e5 6. Ndb5 d6 7. Bg5 a6 8. Na3
b5 9. Nd5 Be7 10. Bxf6 Bxf6 11. c4 b4 12. Nc2 a5 13. g3 O-O 14. h4 Be6 15. Qd2
Be7 16. Bg2 Ra7 17. O-O Qb8 18. b3 Bd8 19. Kh1 Rd7 20. Rad1 Kh8 21. Nce3 Bb6 22.
Nf5 Bxd5 23. cxd5 Nd4 24. h5 Nxf5 25. exf5 f6 26. Rc1 Bc5 27. Bf3 h6 28. Rc4 Rc7
29. Kg2 Rfc8 30. Rfc1 Qa7 31. Rg4 Bd4 32. Rc6 Rxc6 33. dxc6 Qc5 34. Rg6 Kh7 35.
g4 d5 36. g5 e4 37. Be2 hxg5 38. h6 gxh6 39. Bb5 Qc3 40. Qd1 Qb2 41. Qf1 e3 42.
Be2 exf2 43. Bf3 Rxc6 44. Bxd5 Rc1 0-1

[Event "5th Kolkata Open"]
[Site "Kolkata IND"]
[Date "2012.12.04"]
[Round "2"]
[White "Rathnakaran,K"]
[Black "Gopal,G"]
[Result "1/2-1/2"]
[WhiteTitle "IM"]
[BlackTitle "GM"]
[WhiteElo "2435"]
[BlackElo "2547"]
[WhiteFideId "5005507"]
[BlackFideId "5015693"]
[EventDate "2012.12.03"]

1. e4 c5 2. Nf3 d6 3. c3 Nf6 4. Be2 Bg4 5. h3 Bh5 6. O-O e6 7. Re1 Nc6 8. d4
cxd4 9. Nxd4 Bxe2 10. Rxe2 Be7 11. Nxc6 bxc6 12. Qa4 Qb6 13. e5 dxe5 14. Rxe5
O-O 15. Nd2 Qb7 16. Nc4 Nd5 17. Qc2 Rfd8 18. Bd2 Qa6 19. b3 Bf6 20. Ree1 c5 21.
Rad1 Nb6 22. Re4 Rd7 1/2-1/2

[Event "5th Kolkata Open"]
[Site "Kolkata IND"]
[Date "2012.12.04"]
[Round "2"]
[White "Dzhumaev,M"]
[Black "Saptarshi,R"]
[Result "1-0"]
[WhiteTitle "GM"]
[BlackTitle "IM"]
[WhiteElo "2530"]
[BlackElo "2402"]
[WhiteFideId "14200236"]
[BlackFideId "5008980"]
[EventDate "2012.12.03"]

1. e4 e5 2. Nf3 Nc6 3. Nc3 Nf6 4. Bb5 Bb4 5. O-O O-O 6. d3 d6 7. Bg5 Bxc3 8.
bxc3 Qe7 9. Re1 Nd8 10. d4 a6 11. Bf1 Ne6 12. Bd2 Nd7 13. g3 g6 14. Bg2 c5 15.
a4 b6 16. Rb1 Rb8 17. Be3 Bb7 18. d5 Ng7 19. Bh6 c4 20. Nd2 Nc5 21. Ra1 b5 22.
axb5 axb5 23. f4 f6 24. Rb1 Qd7 25. f5 Kh8 26. Nf1 Na4 27. Qd2 Rg8 28. Ne3 g5
29. Bf3 Ba6 30. Rb4 Rbc8 31. Kf2 Qa7 32. h4 gxh4 33. g4 Rc5 34. Rh1 Ne8 35. Rxh4
Bc8 36. Kg3 Qe7 37. Rb1 Qa7 38. Rbh1 Rc7 39. Nd1 Rf7 40. Qh2 Qe7 41. Kf2 Nc7 42.
Rh5 Na6 43. Qh4 b4 44. cxb4 Nxb4 45. Ne3 Qa7 46. g5 Qd4 47. gxf6 1-0

[Event "5th Kolkata Open"]
[Site "Kolkata IND"]
[Date "2012.12.04"]
[Round "2"]
[White "Krishna,CRG"]
[Black "Deepan,C"]
[Result "0-1"]
[BlackTitle "GM"]
[WhiteElo "2312"]
[BlackElo "2487"]
[WhiteFideId "5018625"]
[BlackFideId "5011132"]
[EventDate "2012.12.03"]

1. d4 Nf6 2. c4 g6 3. g3 Bg7 4. Bg2 O-O 5. Nf3 d6 6. O-O Nbd7 7. Nc3 c6 8. h3 e5
9. e4 Qa5 10. Qe2 Re8 11. Be3 a6 12. Rab1 Qc7 13. Rbc1 exd4 14. Nxd4 Nc5 15. Qc2
a5 16. Rfe1 Bd7 17. Rcd1 a4 18. Rd2 Qa5 19. Red1 d5 20. cxd5 cxd5 21. exd5 Rac8
22. Qb1 Rxe3 23. fxe3 Qc7 24. Nce2 Qe5 25. Kh2 Nce4 26. Rc2 Rxc2 27. Qxc2 Nf2
28. Nf3 Qxe3 29. Nf4 Nxd1 30. Qxd1 Ne4 31. Qc2 Nxg3 32. Qc7 Nf5 33. Nxg6 hxg6
34. Qxd7 Bh6 35. Qc8+ Kh7 36. Kh1 0-1

[Event "5th Kolkata Open"]
[Site "Kolkata IND"]
[Date "2012.12.04"]
[Round "2"]
[White "Shreyans,K"]
[Black "Ganguly,S"]
[Result "0-1"]
[BlackTitle "GM"]
[WhiteElo "2231"]
[BlackElo "2630"]
[WhiteFideId "5029074"]
[BlackFideId "5002150"]
[EventDate "2012.12.03"]

1. e4 e5 2. Nf3 Nc6 3. Bc4 Nf6 4. d3 Bc5 5. Bb3 O-O 6. h3 a6 7. Nbd2 d6 8. c3
Be6 9. Nf1 Bxb3 10. axb3 d5 11. Qe2 Re8 12. Bg5 h6 13. Bxf6 Qxf6 14. Ng3 Qe6 15.
b4 Bf8 16. O-O Rad8 17. Nf5 d4 18. g4 g6 19. Ng3 Rd6 20. Rad1 Red8 21. Rd2 h5
22. cxd4 hxg4 23. hxg4 Nxd4 24. Nxd4 Rxd4 25. Kg2 Bxb4 26. Rdd1 Qb3 27. Rc1 Rxd3 0-1

[Event "5th Kolkata Open"]
[Site "Kolkata IND"]
[Date "2012.12.04"]
[Round "2"]
[White "Shivananda,B"]
[Black "Sandipan,C"]
[Result "1/2-1/2"]
[WhiteTitle "IM"]
[BlackTitle "GM"]
[WhiteElo "2381"]
[BlackElo "2613"]
[WhiteFideId "5007038"]
[BlackFideId "5004225"]
[EventDate "2012.12.03"]

1. f4 c5 2. Nf3 g6 3. g3 Bg7 4. Bg2 Nc6 5. d3 e6 6. e4 Nge7 7. O-O O-O 8. c3 d6
9. Be3 f5 10. Nbd2 b6 11. Re1 Qd7 12. Bf2 Bb7 13. exf5 Nxf5 14. Ng5 Rae8 15. Qa4
d5 16. Re2 h6 17. Ngf3 Re7 18. Kh1 d4 19. Ne4 dxc3 20. bxc3 Nb4 21. Qxd7 Rxd7
22. Ne5 Bxe5 23. fxe5 Nxd3 24. Nf6+ Rxf6 25. exf6 Bxg2+ 26. Kxg2 Kf7 27. Rf1 h5
28. Be3 Nxe3+ 29. Rxe3 c4 30. g4 hxg4 31. Kg3 Nc5 32. Kxg4 Rd3 33. Rh3 Rxh3 34.
Kxh3 e5 35. Kg4 Nd3 36. Kf3 Kxf6 37. Ke4+ Ke6 38. Rf8 Nc5+ 39. Ke3 Na4 40. Kd2
Nc5 41. Ke3 Na4 1/2-1/2

[Event "5th Kolkata Open"]
[Site "Kolkata IND"]
[Date "2012.12.04"]
[Round "2"]
[White "Adly,A"]
[Black "Gagare,Shar"]
[Result "0-1"]
[WhiteTitle "GM"]
[BlackTitle "FM"]
[WhiteElo "2607"]
[BlackElo "2381"]
[WhiteFideId "10601619"]
[BlackFideId "5037883"]
[EventDate "2012.12.03"]

1. Nf3 g6 2. g3 Bg7 3. Bg2 c5 4. O-O Nc6 5. e4 d6 6. c3 e5 7. d3 Nge7 8. a3 a5
9. a4 O-O 10. Na3 h6 11. d4 exd4 12. cxd4 cxd4 13. Nb5 d5 14. exd5 Nxd5 15.
Nfxd4 Nxd4 16. Nxd4 Nb4 17. Be3 Nd5 18. Nc2 Nxe3 19. Nxe3 Be6 20. Bd5 Ra6 21.
Ra3 Bxb2 22. Rd3 Rd6 23. Qb3 Bf6 24. Rfd1 Qb6 25. Qc2 Bg5 26. Bxe6 Rxe6 27. Nd5
Qc6 28. Rc3 Qe8 29. Kf1 Rc6 30. h4 Bd8 31. Rc4 h5 32. Qd3 Rxc4 33. Qxc4 Qc6 34.
Qd4 Re8 35. Rb1 Re6 36. Rb5 b6 37. Qd3 Kg7 38. Kg1 Re1+ 39. Kh2 Qe6 40. Ne3 Bf6
41. Rd5 Qc6 42. Qc4 Qxc4 43. Nxc4 Re4 44. Nxb6 Bd4 45. Nd7 Bxf2 46. Kg2 Be1 47.
Re5 Rxe5 48. Nxe5 Kf6 49. Nd3 Bc3 50. Kf3 Kf5 51. Nc5 Ke5 52. Ne4 Be1 53. Ng5 f6
54. Ne4 Bb4 55. Ke3 Be7 56. Nd2 Kd5 57. Kd3 Bd6 58. Nc4 Bc7 59. Ne3+ Kc5 60. g4
hxg4 61. Nxg4 f5 62. Ne3 Bf4 63. Nc4 Kb4 64. Nb6 Bg3 65. Nd5+ Kxa4 66. Ne7 Bxh4
67. Nxg6 Bg5 68. Kc4 Ka3 69. Ne5 a4 70. Nd3 Bd2 71. Nc5 f4 72. Nd3 f3 73. Kd4
Be1 74. Nxe1 f2 75. Nc2+ Kb3 76. Ne3 a3 0-1

[Event "5th Kolkata Open"]
[Site "Kolkata IND"]
[Date "2012.12.04"]
[Round "2"]
[White "Oleksienko,M"]
[Black "Sangma,R"]
[Result "1-0"]
[WhiteTitle "GM"]
[BlackTitle "IM"]
[WhiteElo "2573"]
[BlackElo "2351"]
[WhiteFideId "4152417"]
[BlackFideId "5013615"]
[EventDate "2012.12.03"]

1. e4 e5 2. Nf3 Nc6 3. Bb5 a6 4. Bxc6 dxc6 5. O-O f6 6. d4 exd4 7. Nxd4 c5 8.
Ne2 Qxd1 9. Rxd1 Bd7 10. Nbc3 O-O-O 11. Be3 Re8 12. Rd2 Bc6 13. Rad1 b6 14. a4
Kb7 15. a5 Ne7 16. Ng3 g6 17. axb6 cxb6 18. Bf4 h5 19. h4 b5 20. f3 c4 21. Rd6
Ng8 22. Rd7+ Bxd7 23. Rxd7+ Kc8 24. Rc7+ Kd8 25. Rc6 Kd7 26. Rxa6 Bc5+ 27. Kf1
Re6 28. Ra5 Kc6 29. Ra8 Kd7 30. Nge2 Re8 31. Ra1 Ne7 32. Nxb5 Kc6 33. Nbd4+ Kb6
34. Ra4 Ra8 35. Rxc4 Rhc8 36. Be3 Nc6 37. Nc3 Ra1+ 38. Ke2 Bxd4 39. Bxd4+ Nxd4+
40. Rxd4 Rc1 41. Nd5+ Kb7 42. Ne3 Rh1 43. Kf2 Rb1 44. b3 Rc6 45. Rd3 Kc7 46. b4
Kb7 47. c3 Rb2+ 48. Kg3 Ra6 49. Rd7+ Kc8 50. Rg7 Ra3 51. Nd5 Raa2 52. Nf4 f5 53.
e5 1-0

[Event "5th Kolkata Open"]
[Site "Kolkata IND"]
[Date "2012.12.04"]
[Round "2"]
[White "Sengupta,D"]
[Black "Anurag,M"]
[Result "1/2-1/2"]
[WhiteTitle "GM"]
[BlackTitle "FM"]
[WhiteElo "2540"]
[BlackElo "2370"]
[WhiteFideId "5008352"]
[BlackFideId "5024366"]
[EventDate "2012.12.03"]

1. e4 e5 2. Nf3 Nc6 3. Bb5 Nf6 4. d3 d6 5. c3 g6 6. O-O Bg7 7. Nbd2 O-O 8. Re1
Bd7 9. Ba4 h6 10. Nf1 Qe7 11. Ng3 Nd8 12. Bc2 Ne6 13. d4 Nh7 14. Be3 Rad8 15. a4
Qf6 16. Qc1 Nhg5 17. Nxg5 hxg5 18. dxe5 dxe5 19. Bxa7 Nf4 20. Be3 Bg4 21. f3 Be6
22. Ne2 Rd7 23. Nxf4 exf4 24. Bf2 g4 25. e5 Qg5 26. Be4 gxf3 27. Bxf3 Bd5 28.
Bxd5 Rxd5 29. e6 fxe6 30. Rxe6 Qg4 31. Re4 Rfd8 32. Qf1 Rd2 33. Rae1 g5 34. Qc4+
Kh7 35. Re7 Qf5 36. Rf7 Qg6 37. Qxc7 Kh6 38. Rfe7 R8d6 39. h3 f3 40. gxf3 Bf6
41. R7e2 Qf5 42. Kg2 R2d3 43. Qxb7 R6d5 44. Re3 Rd2 45. R1e2 Qf4 46. Qb4 Rd1 47.
Qf8+ Kg6 48. Qg8+ Kh6 49. Qf7 Rf5 50. Qf8+ Bg7 51. Qe8 Be5 52. Qe6+ Kh5 53. Qe8+
Kh6 54. Qe6+ Kh5 55. Qxe5 Rxe5 56. Rxe5 Rb1 57. h4 Rxb2 58. Rxb2 Qxe5 59. Rb5
Qxc3 60. Rxg5+ Kh6 61. a5 Qc4 62. Rc5 Qd3 63. Rc6+ Kh5 64. Rc5+ Kh6 65. h5 Qe2
66. Rd5 Qa2 67. Re5 Qg8+ 68. Kh2 Qa2 69. Kg3 Qg8+ 70. Kh3 Qc8+ 71. Kh2 Qc2 72.
Kg2 Qb2 73. Rc5 Qg7+ 74. Kh2 Qb2 75. Kg3 Qg7+ 76. Kh3 Qd7+ 77. Kh2 Qd2 78. Kg2
Qa2 79. Rc6+ Kxh5 80. a6 Qg8+ 81. Kf1 Qa8 82. Rc5+ Kg6 83. a7 Qxf3 84. Ke1 Qe4+
85. Kd2 Qb4+ 86. Kd3 Qb3+ 87. Ke4 Qb7+ 88. Kf4 Qf7+ 89. Ke4 Qb7+ 90. Kd3 Qb3+
91. Rc3 Qb5+ 92. Kd2 Qb2+ 93. Rc2 Qb7 94. Be3 Kf5 95. Rc5+ Ke4 96. Rc4+ Kd5 97.
Kc3 Qa6 98. Rd4+ Kc6 99. Rc4+ Qxc4+ 100. Kxc4 1/2-1/2

[Event "5th Kolkata Open"]
[Site "Kolkata IND"]
[Date "2012.12.04"]
[Round "2"]
[White "Arun Prasad,S"]
[Black "Suvrajit,S"]
[Result "1-0"]
[WhiteTitle "GM"]
[BlackTitle "IM"]
[WhiteElo "2513"]
[BlackElo "2338"]
[WhiteFideId "5011167"]
[BlackFideId "5002532"]
[EventDate "2012.12.03"]

1. c4 Nf6 2. d4 c6 3. Bf4 d5 4. e3 e6 5. Nc3 Nbd7 6. Nf3 Bb4 7. Qb3 Qa5 8. Nd2
c5 9. a3 O-O 10. Be2 b6 11. Rc1 Bxc3 12. Qxc3 Qxc3 13. bxc3 Bb7 14. O-O Rfe8 15.
cxd5 exd5 16. a4 Bc6 17. Ra1 h6 18. Rfb1 c4 19. h4 Nf8 20. Be5 N6d7 21. Bh2 f5
22. g4 fxg4 23. Bxg4 Nf6 24. Bh3 Ng6 25. Bg3 Bd7 26. Bxd7 Nxd7 27. a5 Ne7 28.
Rb5 bxa5 29. Rb7 Nb6 30. Rxa5 Nc6 31. Ra6 Rad8 32. Nf3 Re7 33. Rxe7 Nxe7 34.
Rxa7 Rd7 35. Ra6 Rb7 36. Bd6 Nf5 37. Bb4 h5 38. Ra5 Rc7 39. Rb5 Rc6 40. Ba5 Nc8
41. Rxd5 Nce7 42. Rd8+ Kh7 43. e4 Nd6 44. Ng5+ Kg6 45. Bb4 1-0

[Event "5th Kolkata Open"]
[Site "Kolkata IND"]
[Date "2012.12.04"]
[Round "2"]
[White "Kulkarni,R"]
[Black "Debashis,D"]
[Result "0-1"]
[BlackTitle "IM"]
[WhiteElo "2290"]
[BlackElo "2464"]
[WhiteFideId "5037077"]
[BlackFideId "5024854"]
[EventDate "2012.12.03"]

1. e4 c5 2. c3 e6 3. d4 d5 4. exd5 exd5 5. Nf3 c4 6. Be2 Bd6 7. O-O Ne7 8. b3
cxb3 9. axb3 Nbc6 10. c4 O-O 11. Nc3 Bb4 12. Bb2 Bg4 13. h3 Bh5 14. Rc1 Qd6 15.
Nb5 Qf4 16. Ne5 Bxe2 17. Qxe2 a6 18. Nc7 Rad8 19. Nxc6 bxc6 20. Nxa6 Bd6 21. g3
Qf6 22. c5 Bb8 23. Rfe1 Ng6 24. Rcd1 Qf5 25. Kg2 Qd7 26. Bc3 Rde8 27. Qd3 Rc8
28. b4 f5 29. Nxb8 Rxb8 30. Qe2 Rbe8 31. Qf3 Re4 32. Rxe4 dxe4 33. Qe3 Ne7 34.
d5 Nxd5 35. Qd4 f4 36. g4 f3+ 37. Kg1 Qe7 38. b5 e3 39. Bb2 Rf4 40. Qd3 Qh4 41.
fxe3 Qg3+ 0-1

[Event "5th Kolkata Open"]
[Site "Kolkata IND"]
[Date "2012.12.04"]
[Round "2"]
[White "Abhishek,K"]
[Black "Laxman,R"]
[Result "0-1"]
[BlackTitle "GM"]
[WhiteElo "2277"]
[BlackElo "2456"]
[WhiteFideId "5019257"]
[BlackFideId "5005361"]
[EventDate "2012.12.03"]

1. e4 e5 2. Nf3 Nc6 3. Bb5 a6 4. Ba4 Nf6 5. O-O Be7 6. Re1 b5 7. Bb3 O-O 8. c3
d6 9. h3 Nb8 10. d4 Nbd7 11. Nbd2 Bb7 12. Bc2 Re8 13. a4 Bf8 14. Bd3 b4 15. Qc2
d5 16. dxe5 Nxe5 17. Nxe5 Rxe5 18. Nf3 Rxe4 19. Bxe4 dxe4 20. Nh2 bxc3 21. bxc3
Nd7 22. f3 Qh4 23. Qf2 Qxf2+ 24. Kxf2 Nc5 25. Kg1 Nd3 26. Re2 Bc5+ 27. Be3 exf3
28. Nxf3 Re8 29. Nd4 Nf4 30. Bxf4 Rxe2 31. Rb1 Bc8 32. Bxc7 Re7 33. Ba5 Rb7 34.
Rxb7 Bxb7 35. Bb4 Ba7 36. Kf1 g6 37. Nb3 f5 38. c4 Kf7 39. c5 Ke6 40. Na5 Bd5
41. Kf2 Ke5 42. Ke3 f4+ 43. Kd3 Be4+ 44. Kc3 Kd5 45. c6 Bd4+ 46. Kb3 Bxg2 47. c7
Bxh3 0-1

[Event "5th Kolkata Open"]
[Site "Kolkata IND"]
[Date "2012.12.05"]
[Round "3"]
[White "Paragua,M"]
[Black "Narayanan,Sri"]
[Result "1/2-1/2"]
[WhiteTitle "GM"]
[BlackTitle "IM"]
[WhiteElo "2533"]
[BlackElo "2439"]
[WhiteFideId "5201241"]
[BlackFideId "5018420"]
[EventDate "2012.12.03"]

1. e4 c5 2. Nf3 d6 3. d4 Nf6 4. Nc3 cxd4 5. Nxd4 a6 6. Bg5 e6 7. f4 Be7 8. Qf3
Qc7 9. O-O-O Nbd7 10. Bd3 h6 11. Bh4 g5 12. e5 gxh4 13. exf6 Nxf6 14. f5 e5 15.
Nde2 Qc6 16. Be4 Nxe4 17. Nxe4 d5 18. Rxd5 Bxf5 19. Rxe5 Bxe4 20. Rxe4 Qc5 21.
Kb1 O-O 22. Nd4 Bg5 23. Rhe1 b5 24. c3 Rab8 25. Re5 Qb6 26. a3 Qg6+ 27. Ka2 Rb6
28. R1e4 Kh7 29. Rf5 Rf6 30. Ree5 Rd8 31. Rc5 Rdd6 32. g4 hxg3 33. hxg3 Rxf5 34.
Rxf5 Bf6 35. Nb3 Kg8 36. Nc5 Bg7 37. Rf4 Rd2 38. Ne4 Qe6+ 39. Kb1 Rh2 40. Qd1 f5 1/2-1/2

[Event "5th Kolkata Open"]
[Site "Kolkata IND"]
[Date "2012.12.05"]
[Round "3"]
[White "Stany,G"]
[Black "Dzhumaev,M"]
[Result "0-1"]
[WhiteTitle "IM"]
[BlackTitle "GM"]
[WhiteElo "2437"]
[BlackElo "2530"]
[WhiteFideId "5029104"]
[BlackFideId "14200236"]
[EventDate "2012.12.03"]

1. e4 e6 2. d4 d5 3. e5 c5 4. c3 Nc6 5. Nf3 Bd7 6. a3 f6 7. Bd3 Qc7 8. Bf4 c4 9.
Bc2 O-O-O 10. h4 Nh6 11. Qc1 fxe5 12. Nxe5 Bd6 13. Bxh6 Bxe5 14. Be3 Bd6 15. f4
Rdf8 16. g3 h6 17. h5 e5 18. dxe5 Bxe5 19. Nd2 Re8 20. Kf2 Bf6 21. Nf3 Bg4 22.
Bg6 Re7 23. Re1 Bxf3 24. Kxf3 d4 25. cxd4 Rd8 26. Kg2 Nxd4 27. Bxd4 Rxd4 28. Qc2
Kb8 29. Rxe7 Qxe7 30. Rf1 a6 31. Rf2 Ka7 32. Rd2 Qd6 33. Re2 Qd5+ 34. Kh2 Rd3
35. Rg2 Rb3 36. Qc1 Qd4 37. Bf7 b5 38. Kh3 Qd7+ 0-1

[Event "5th Kolkata Open"]
[Site "Kolkata IND"]
[Date "2012.12.05"]
[Round "3"]
[White "Debashis,D"]
[Black "Tiviakov,S"]
[Result "1-0"]
[WhiteTitle "IM"]
[BlackTitle "GM"]
[WhiteElo "2464"]
[BlackElo "2663"]
[WhiteFideId "5024854"]
[BlackFideId "1008013"]
[EventDate "2012.12.03"]

1. d4 Nf6 2. c4 e6 3. Nf3 b6 4. g3 Bb7 5. Bg2 Be7 6. O-O O-O 7. Nc3 Na6 8. a3
Ne4 9. Bd2 Nxc3 10. Bxc3 c6 11. Ne5 d5 12. Qa4 Qe8 13. Rfc1 c5 14. Qd1 Rd8 15.
cxd5 Bxd5 16. Bxd5 Rxd5 17. Qd3 cxd4 18. Bxd4 Nc5 19. Qe3 f6 20. Nf3 Qd7 21. Rc4
Nb7 22. Rc7 Qxc7 23. Qxe6+ Kh8 24. Qxd5 Rd8 25. Qb3 Na5 26. Qf7 Qd7 27. Rc1 Nb7
28. Kg2 Nd6 29. Qd5 Bf8 30. h4 Qe8 31. e3 h5 32. Qc6 Qf7 33. Qc7 Rd7 34. Qc2 Qe8
35. Qc6 Qe6 36. Bc3 Rd8 37. Nd4 Qf7 38. Qf3 Rc8 39. Rd1 Nc4 40. Nc6 Qe8 41. Nb4
Nd6 42. Rd5 Ne4 43. Rxh5+ Kg8 44. Nd5 Rc6 45. Rf5 Qe6 46. Rf4 Nxc3 47. Nxc3 Bxa3
48. Re4 Qc8 49. Nb5 Bxb2 50. Nxa7 Qd7 51. Nxc6 Qxc6 52. Rb4 1-0

[Event "5th Kolkata Open"]
[Site "Kolkata IND"]
[Date "2012.12.05"]
[Round "3"]
[White "Gupta,Ab"]
[Black "Nolte,R"]
[Result "1-0"]
[WhiteTitle "GM"]
[BlackTitle "IM"]
[WhiteElo "2662"]
[BlackElo "2453"]
[WhiteFideId "5010608"]
[BlackFideId "5200636"]
[EventDate "2012.12.03"]

1. d4 Nf6 2. c4 g6 3. Nc3 Bg7 4. e4 d6 5. f3 O-O 6. Nge2 a6 7. Be3 Nc6 8. Qd2
Rb8 9. Rc1 Bd7 10. Nd1 e5 11. d5 Ne7 12. Nf2 b6 13. b4 c5 14. g3 Ne8 15. Bg2 f5
16. O-O Nf6 17. Rb1 Qc7 18. Rb3 a5 19. bxa5 bxa5 20. Rfb1 a4 21. R3b2 fxe4 22.
fxe4 h5 23. h4 a3 24. Rb3 Ba4 25. Rxb8 Rxb8 26. Nc3 Bd7 27. Qc1 Rb4 28. Qxa3
Rxc4 29. Bf1 Rd4 30. Qa8+ Bc8 31. Ba6 Rb4 32. Bxc8 Rxb1+ 33. Nxb1 Nxc8 34. a4
Nd7 35. a5 Qb8 36. Qxb8 Nxb8 37. Na3 Bf6 38. Nc4 Bd8 39. Nd1 Bc7 40. Nc3 Na7 41.
Kf2 Kf7 42. Ke2 Na6 43. Kd2 Nb4 44. Kc1 Ke8 45. Kb2 Na6 46. Kb3 Kd7 47. Ka4 Kc8
48. Nb5 Nxb5 49. Kxb5 Kb7 50. Bg5 Bb8 51. Bd8 Nc7+ 52. Bxc7 Bxc7 53. a6+ Ka7 54.
Kc6 Bb8 55. Nxd6 Bxd6 56. Kxd6 c4 57. Kxe5 c3 58. d6 c2 59. d7 c1=Q 60. d8=Q
Qc5+ 61. Qd5 Qe7+ 62. Qe6 Qg7+ 63. Qf6 Qc7+ 64. Qd6 Qg7+ 65. Kd5 g5 66. hxg5
Qxg5+ 67. Kc6 Kxa6 68. Qa3+ 1-0